| 000 | 00629nam a2200193 i 4500 | ||
|---|---|---|---|
| 001 | 101819 | ||
| 003 | ES-MaACL | ||
| 005 | 20230906183003.0 | ||
| 007 | t| | ||
| 008 | 051026s1965 sp ||||1| spa d | ||
| 100 | 1 |
_aMénager, J. _cEvêque de Meaux. _980063 |
|
| 245 | 1 | 0 |
_aSacerdotes para nuestro tiempo / _cJ. Ménager, Joseph Laloux, François Bourdeau; [traducción... por Adelaida Román]. |
| 260 |
_aMadrid : _bZYX, _c1965. |
||
| 300 |
_a136 p. ; _c22 cm. |
||
| 700 | 1 |
_aLaloux, Joseph. _969744 |
|
| 700 | 1 |
_aBourdeau, François. _930953 |
|
| 700 | 1 |
_aRomán, Adelaida. _999207 |
|
| 852 |
_aES-MaACL _jC-28738 _bR.58126 |
||
| 999 |
_c101819 _d101819 |
||